000 01160cad a22002415a 4500
001 L138039
008 070514e20070511xxk f f000 0 eng d
035 _a(Sirsi) u138039
041 0 _aeng
110 1 _aUnited Kingdom
_bDepartment for Communities and Local Government
_94939
245 0 0 _aNotice of approval of the methodology of calculation of the energy performance of buildings in England and Wales
_h[electronic resource]
260 _aLondon
_bDCLG
_c2007
520 _aDescribes the approved method for calculating the asset rating and operational rating of buildings. This is to be used in the production of an Energy Performance Certificate. Also describes the approved ways of expressing the asset rating.
590 _aKA NTK
650 2 4 _aRESIDENTIAL ENERGY PERFORMANCE CERTIFICATES
650 2 4 _aHOME INFORMATION PACKS
650 2 4 _aHOUSING ACT 2004 PART V
650 2 4 _aBUILDING REGULATIONS 2000
651 4 _aEngland and Wales
_y1543-
690 _aPROPERTY-PROPERTY ACQUISITION AND DISPOSAL
856 4 0 _uhttps://www.communities.gov.uk/index.asp?id=1510426
_zView the item free of charge at www.communities.gov.uk...
942 _n0
999 _c106979
_d106979